000 00547nam a2200181 a 4500
001 000027634
005 20200930030958.0
008 110401s1996 dr a 000 0 spa d
040 _aDO-SdBNP
_bspa
_cBNPHU
082 _axxx
_bG934e
100 1 _aGuerra, Augusto
_92189
245 1 0 _aEncuentro semanal con la palabra de Dios /
_cAugusto Guerra.
260 _aSanto Domingo :
_bMonte Carmelo,
_fAmigo del Hogar
_c1996.
300 _a160 p. :
_bil. ;
_c22 cm.
490 1 _aCiclo litúrgico B
830 0 _aCiclo litúrgico B
_954728
049 _aBNPD
999 _c27126
_d27126